[Event "3rd Memorial Hulak 2018"]
[Site "Zagreb"]
[Date "2018.12.02"]
[Round "2.10"]
[White "Livaic, Leon"]
[Black "Ujhazi, Ivan"]
[Result "1-0"]
[WhiteElo "2474"]
[BlackElo "2148"]
[Annotator "RC"]
[PlyCount "53"]
[EventDate "2018.11.26"]
[EventCountry "CRO"]
[SourceTitle "playchess.com"]
[Source "ChessBase"]
[SourceQuality "1"]

1. d4 d5 2. Bf4 e6 3. e3 Bd6 4. Bg3 Nf6 5. Nd2 b6 6. c3 Bb7 7. Bd3 Nbd7 8. Ngf3 Qe7 9. Ne5 Bxe5 10. dxe5 Ne4 11. Nxe4 dxe4 12. Bb5 c6 13. Be2 Nc5 14. O-O Rd8 15. Qc2 O-O 16. f3 Nd3 17. fxe4 Qc5 18. Kh1 Nb4 19. Qa4 Qxe3 20. Rae1 Nd3 21. Rf3 Nxb2 22. Qxa7 Qc5 23. Qxb7 Rd2 24. Ref1 f6 25. exf6 gxf6 26. Bf4 Rxe2 27. Rg3+ 1-0

[Event "3rd Memorial Hulak 2018"]
[Site "Zagreb"]
[Date "2018.12.02"]
[Round "2.11"]
[White "Raljic, Mirko"]
[Black "Yankelevich, Lev"]
[Result "0-1"]
[WhiteElo "2128"]
[BlackElo "2441"]
[Annotator "TA"]
[PlyCount "56"]
[EventDate "2018.11.26"]
[EventCountry "CRO"]
[SourceTitle "playchess.com"]
[Source "ChessBase"]
[SourceQuality "1"]

{[%evp 21,56,4,26,-14,0,-23,-9,-23,-8,-25,-21,-72,-73,-107,-93,-175,-163,-307,-293,-300,-254,-366,-372,-430,-426,-412,-400,-418,-426,-424,-461,-463,-448,-441,-433,-477,-458]} 1. e4 e5 2. Nf3 Nc6 3. d4 exd4 4. Bc4 Nf6 5. e5 d5 6. Bb5 Ne4 7. Nxd4 Bc5 8. O-O O-O 9. Bxc6 bxc6 10. Be3 Bd7 11. Nd2 {C56: Two Knights: 4 d4 exd4 5 0-0 Nxe4} Qh4 {LiveBook: 4 Games} 12. N4f3 $146 ({Predecessor:} 12. Nxe4 Qxe4 13. Re1 Qg6 14. Nb3 Bb6 15. Nc5 Bf5 16. c3 f6 17. exf6 Rxf6 18. Kh1 Raf8 {1-0 (85) Sarakauskas,G (2400)-Hebden,M (2545) High Wycombe 2014}) 12... Qe7 $1 13. Bxc5 {The position is equal.} Qxc5 14. h3 Rfe8 15. c3 a5 16. Nb3 (16. Nxe4 $11 {keeps the balance.} dxe4 17. Qxd7 exf3 18. gxf3) 16... Qb6 $17 17. a4 Bc8 {Hoping for ...Ba6.} 18. Nbd4 (18. c4 $17) 18... Ba6 $19 19. Qc2 (19. Re1 {was necessary.}) 19... Bxf1 20. Rxf1 Rab8 21. Rb1 (21. b4 $142) 21... c5 22. Nf5 Qg6 23. N5h4 Qe6 24. c4 c6 25. g4 {Black is clearly winning.} h5 26. Nf5 hxg4 27. hxg4 Qg6 28. Ne3 {[#]} Nc3 $1 {[%mdl 512] Accuracy: White =  6%, Black = 64%.} 0-1

[Event "3rd Memorial Hulak 2018"]
[Site "Zagreb"]
[Date "2018.12.02"]
[Round "2.12"]
[White "Tica, Sven"]
[Black "Ascic, Anto"]
[Result "1-0"]
[WhiteElo "2439"]
[BlackElo "2116"]
[Annotator "TA"]
[PlyCount "73"]
[EventDate "2018.11.26"]
[EventCountry "CRO"]
[SourceTitle "playchess.com"]
[Source "ChessBase"]
[SourceQuality "1"]

{[%evp 18,73,81,76,89,65,85,54,65,64,63,72,55,40,40,37,41,39,39,10,24,17,23,3,54,48,60,49,59,54,105,90,102,86,110,110,94,99,279,270,277,183,189,186,177,178,283,284,293,293,281,278,275,278,427,372,356,351]} 1. d4 d5 {[%cal Bd7d5,Bd5c4][%mdl 32]} 2. c4 e6 3. Nf3 Nf6 4. g3 dxc4 5. Bg2 Nc6 6. Qa4 Bb4+ 7. Bd2 Bxd2+ {E04: Open Catalan: 5 Nf3} (7... Nd5 8. Bxb4 Ndxb4 9. O-O Rb8 10. Na3 O-O 11. Qb5 b6 12. Qxc4 Ba6 13. Nb5 Qe8 14. Rfc1 Nd5 15. Qxc6 Qxc6 16. Rxc6 Bxb5 17. Rc2 Rfc8 {½-½ (33) So,W (2780)-Caruana,F (2822) Saint Louis 2018}) 8. Nbxd2 O-O 9. Qxc4 Qd5 10. O-O {LiveBook: 3 Games} Rd8 {[%cal Rc6d4]} 11. e3 {[%cal Be2e3,Be3e4][%mdl 32]} Qh5 12. e4 $146 ({Predecessor:} 12. Ne5 Nxe5 13. Qxc7 Bd7 14. Qxe5 Qxe5 15. dxe5 {½-½ (23) Brandenberg,K (2177)-Baumgartner,H (2323) Dresden 2000}) 12... Bd7 13. Rfe1 Rac8 14. Rad1 Be8 15. Qc3 (15. a3 {feels hotter.} Qa5 16. Qd3 Ne7 17. Bf1 Qh5 18. Rc1) 15... Qa5 16. Nb3 Qxc3 17. bxc3 {[%cal Bb2c3,Bc3c4][%mdl 32]} b6 18. c4 Nb4 19. e5 Nd7 20. Rd2 c5 (20... Nf8 $11) 21. a3 $36 {[%mdl 2048] White fights for an advantage.} Na6 22. d5 $1 Nf8 23. Ng5 Rb8 (23... exd5 $14 24. cxd5 (24. Bxd5 Nc7 $11) 24... Nc7) 24. d6 Ba4 25. Re3 Nd7 26. f4 h6 27. Ne4 {[%cal Bg5e4,Be4f2,Bf2d1,Bd1b2][%mdl 32]} b5 $2 {[#]} (27... Rbc8 $16 28. Nc1 Nab8) 28. Na5 $18 b4 29. Nf2 Nb6 30. Nd1 Bd7 31. Nb2 bxa3 (31... Be8 $142 32. Bb7 bxa3) 32. Rxa3 Nb4 33. Nb7 Rdc8 34. Rxa7 Bc6 {[#] and if ...Bxg2 works, Black does fine.} 35. Na5 $1 Bd7 (35... Bxg2 {was worth a try.} 36. Kxg2 Ra8) 36. Bb7 Rd8 37. Nd3 {Precision: White = 71%, Black = 43%.} 1-0

[Event "3rd Memorial Hulak 2018"]
[Site "Zagreb"]
[Date "2018.12.04"]
[Round "3.1"]
[White "Kozul, Zdenko"]
[Black "Ivekovic, Bozidar"]
[Result "1-0"]
[WhiteElo "2601"]
[BlackElo "2406"]
[Annotator "TA"]
[PlyCount "87"]
[EventDate "2018.11.26"]
[EventCountry "CRO"]
[SourceTitle "playchess.com"]
[Source "ChessBase"]
[SourceQuality "1"]

{[%evp 15,87,7,3,-8,-17,-5,-18,-24,-9,-12,8,3,32,0,-2,-14,25,26,22,6,13,-19,0,0,3,16,33,0,10,-16,18,7,32,0,0,0,52,29,46,30,31,12,45,45,45,38,46,45,45,45,77,46,81,102,96,97,395,32,33,29,109,120,103,2,256,185,223,45,681,709,704,683,1141,1127]} 1. d4 d5 2. c4 c6 3. Nf3 Nf6 4. Nc3 dxc4 5. e4 b5 6. Be2 {D15: Slav Defence: 4 Nc3 a6 and gambit lines after 4 Nc3 dxc4} b4 (6... e6 7. O-O Be7 8. a4 b4 9. e5 bxc3 10. exf6 Bxf6 11. bxc3 Ba6 12. Ne5 Bxe5 13. dxe5 Qxd1 14. Rxd1 {1-0 (27) Adhiban,B (2650)-Rapport,R (2715) Reykjavik 2018}) 7. Na4 Nxe4 8. Bxc4 Nd6 {LiveBook: 3 Games} (8... Nf6 {is more complex.} 9. O-O e6 10. Re1 Bd6 11. Bg5 O-O) 9. Bd3 Bf5 $146 ({Predecessor:} 9... g6 10. Bf4 Bg7 11. Qd2 Qa5 12. b3 O-O 13. Rc1 Bf5 {1-0 (53) Khotenashvili,B (2476)-Zimina,O (2415) Riadh 2017}) 10. O-O e6 11. Bf4 Be7 12. Rc1 Bg4 {[%cal Bf5g4,Bg4h5,Bh5g6][%mdl 32]} 13. h3 Bh5 14. g4 Bg6 15. Ne5 Bg5 16. Bxg5 Qxg5 17. f4 Qh4 {...Qg3+ is the strong threat.} 18. Kg2 O-O (18... Be4+ $6 19. Bxe4 Nxe4 20. Qe1 $16) 19. Bxg6 hxg6 20. Nc5 Re8 21. Nf3 Qd8 22. Nd3 Nd7 23. Nxb4 Rb8 24. Qd2 (24. Rxc6 $2 Rxb4 25. Rxd6 Rxb2+ 26. Rf2 Rxf2+ 27. Kxf2 Qc7 $19) 24... Ne4 25. Qe1 Ndf6 (25... c5 $11) 26. Nd3 {Threatens to win with g5.} Qd5 27. b3 a5 28. Rc2 Rec8 29. Qe3 Qb5 30. Nfe5 {Hoping for g5.} ({Of course not} 30. g5 Nd5 $11) 30... Nd6 31. Nc5 Nd5 32. Qf2 Rc7 33. Kg1 Re8 34. Nc4 Rd8 35. Qg3 {aiming for f5!} Nb4 $2 {[%mdl 8192]} (35... Re7 $16) 36. a4 $2 ({White must play} 36. Nxd6 $18 Qb8 37. Rcf2 Rxd6 38. f5) 36... Qb8 $14 37. Rd2 Nb7 (37... Rcc8 $11) 38. Ne4 $16 {Strongly threatening Qh4.} Rcd7 39. Ng5 (39. Qf2 $16) 39... Qa7 $2 {[%mdl 8192]} (39... Rxd4 $11 40. Qh4 Rxd2 41. Qh7+ Kf8 42. Qh8+ Ke7 43. Qxg7 Nd6 44. Nxd2 Rg8) 40. Qh4 $36 {[%mdl 2048] White is in control.} Rxd4 {[#]} 41. Rdf2 $2 ({White should play} 41. Kh1 $1 $18 Rxd2 42. Qh7+ Kf8 43. Qh8+ Ke7 44. Qxg7) 41... Nd3 $2 {[%mdl 8192] [#]} (41... Rxc4 $14 42. f5 (42. bxc4 Nd3 $11) 42... gxf5 43. bxc4 Nd3 44. gxf5 (44. Qh7+ Kf8 $11) 44... Nxf2 45. Rxf2 Rd2 46. fxe6 Qxf2+ 47. Qxf2 Rxf2 48. Kxf2 fxe6) 42. Ne5 $1 $18 {[%mdl 512] White is clearly winning.} Nxe5 43. fxe5 {Qh7+ would kill now.} Rf4 44. Kg2 {Accuracy: White = 40%, Black = 35%.} 1-0

[Event "3rd Memorial Hulak 2018"]
[Site "Zagreb"]
[Date "2018.12.04"]
[Round "3.2"]
[White "Bukal, Vladimir Jr."]
[Black "Nikolov, Momchil"]
[Result "1/2-1/2"]
[WhiteElo "2390"]
[BlackElo "2567"]
[Annotator "TA"]
[PlyCount "96"]
[EventDate "2018.11.26"]
[EventCountry "CRO"]
[SourceTitle "playchess.com"]
[Source "ChessBase"]
[SourceQuality "1"]

{[%evp 10,96,39,-2,62,79,91,99,97,79,90,50,50,56,129,118,141,89,131,77,174,158,141,181,171,156,212,190,222,227,227,230,196,200,200,0,0,0,8,-31,0,0,0,-29,-26,-95,-81,-83,-91,-93,0,0,-6,-38,-19,-21,-42,-47,-55,-79,-31,-67,-73,-93,-68,-69,-18,-18,-18,-18,-12,-12,-12,-13,-14,-14,-15,-14,-17,-21,-18,-20,-10,-13,-4,-8,-8,-21,-21]} 1. d4 Nf6 2. Nf3 c5 3. d5 b5 4. c4 Bb7 5. Bf4 (5. Qc2 bxc4 6. e4 e6 7. Bxc4 exd5 8. exd5 Bxd5 9. Bxd5 Nxd5 10. O-O Be7 11. Re1 Nc6 12. Qxc5 Nf6 13. Qf5 O-O 14. Nc3 {0-1 (40) Tkachiev,V (2636)-Ivanchuk,V (2764) Warsaw 2010}) 5... d6 6. Nbd2 {[%cal Bb1d2,Bd2b3,Bb3c5][%mdl 32] LiveBook: 6 Games. A57: Benko/Volga Gambit} Qa5 $146 (6... Nh5 $11 7. Bg3 g6) ({Predecessor:} 6... Nh5 7. e3 Nxf4 8. exf4 g6 9. Qb3 b4 10. a3 a5 11. axb4 axb4 12. Rxa8 Bxa8 {1-0 (42) Stocek,J (2567)-Kersten,U (2234) Heusenstamm 2017}) 7. e4 $14 bxc4 8. Bxc4 {White is better.} Nbd7 9. O-O g6 10. b4 cxb4 11. Nb3 Qb6 (11... Qc7 $14 12. Bd3 a5) 12. Be3 $16 Qd8 13. e5 dxe5 {Strongly threatening ...Bg7.} 14. Bb5 $1 Bg7 (14... a6 $16 {was necessary.} 15. Ba4 Bg7) 15. Nc5 $36 {[%mdl 2048] White is in control.} Bc8 16. Nxe5 $1 O-O 17. Nc6 $1 {[%csl LRb4,LRd8]} Qc7 (17... Qe8 $16) 18. Nxe7+ Kh8 19. d6 Qa5 20. Bc6 Nxc5 21. Bxa8 {Black must now prevent Rc1.} Ba6 {[#]} 22. Qf3 $2 ({Only move:} 22. Bf3 $1 $18) 22... Bxf1 $11 23. Rxf1 Ncd7 24. Nc6 Qd5 {Threatens to win with ...Qxf3.} 25. Bb7 Qxd6 26. Bf4 ({Don't play} 26. Bxa7 Qc7 $17) 26... Qc5 27. Rc1 {[#]} (27. Be3 $11 {remains equal.} Qc4 28. Rc1 Qxa2 29. Nxb4) 27... Qb6 $1 $17 {[%cal Rb6b7]} 28. Ne5 Nxe5 29. Bxe5 Nd7 (29... Re8 $17 30. Bxf6 Qxf6 31. Qxf6 Bxf6) 30. Bc7 $11 Qe6 31. Qd5 (31. Rd1 {looks sharper.} Nc5 32. Bd5 Qe7 33. Ba5 Ne6 34. Qb3) 31... Bc3 32. Qxe6 fxe6 33. Bd6 Rf5 34. Rd1 Nf6 35. Ba6 Ne4 36. Bb8 Rxf2 37. Bb7 $1 Rd2 (37... Re2 $15 38. Kf1 Rf2+ 39. Kg1 Rf8 40. Bxa7 Rf7 41. Bxe4 Rxa7 42. Rd8+ Kg7) 38. Rxd2 {The position is equal.} Nxd2 39. Bxa7 {[%mdl 4096] Endgame KBB-KBN} Kg7 40. Kf2 Kf6 41. Ke2 b3 42. axb3 Nxb3 43. Kd3 Bb4 44. Bf3 {Hoping for Kc4.} Bd6 45. h3 Ke7 46. Be3 Na5 47. Bb6 Bb4 48. Bxa5 Bxa5 {Accuracy: White = 47%, Black = 52%.} 1/2-1/2

[Event "3rd Memorial Hulak 2018"]
[Site "Zagreb"]
[Date "2018.12.04"]
[Round "3.3"]
[White "Martinovic, Sasa"]
[Black "Vernacki, Srdjan"]
[Result "1-0"]
[WhiteElo "2554"]
[BlackElo "2348"]
[Annotator "TA"]
[PlyCount "81"]
[EventDate "2018.11.26"]
[EventCountry "CRO"]
[SourceTitle "playchess.com"]
[Source "ChessBase"]
[SourceQuality "1"]

{[%evp 27,81,73,84,82,87,78,87,86,111,110,110,87,120,116,131,136,155,147,115,125,135,108,151,99,221,231,327,286,313,327,336,334,297,346,312,326,333,339,336,332,316,304,484,361,1193,1146,1241,1232,1184,1172,1345,1100,1072,1039,1980,1466]} 1. d4 Nf6 2. c4 e6 3. Nc3 c5 4. d5 exd5 5. cxd5 d6 6. e4 g6 7. f4 Bg7 8. Bb5+ Nfd7 9. a4 Qh4+ 10. g3 {A67: Modern Benoni: Taimanov Variation} Qd8 (10... Qe7 11. Nf3 O-O 12. O-O a6 13. Bd3 Nf6 14. e5 Ne8 15. f5 dxe5 16. Bg5 Qc7 17. Nd2 Nd6 18. Nc4 Bxf5 19. Nxd6 Bxd3 20. Qxd3 Qxd6 {1-0 (55) Moiseenko,A (2677)-Gabrielian,A (2525) Minsk 2017}) 11. Nf3 O-O 12. O-O a6 13. Bd3 Nf6 14. Kg2 Bg4 {LiveBook: 16 Games} 15. h3 Bxf3+ 16. Qxf3 Nbd7 17. Bd2 Qc7 18. b3 $146 Rab8 19. Rac1 Ne8 20. g4 {[%cal Bg3g4,Bg4g5][%mdl 32]} Qd8 21. h4 {[%cal Bh3h4,Bh4h5][%mdl 32]} Nc7 22. h5 b5 23. g5 bxa4 24. bxa4 Rb2 25. Bc2 ({White should play} 25. Rc2 Qb8 26. e5) 25... Nb6 (25... f6 $16 {was worth a try.}) 26. Nd1 $18 Nc4 (26... Ra2 $142 27. Qb3 {[%mdl 64] Double Attack} Qd7) 27. Bc3 Bxc3 28. Qxc3 {[%mdl 64] [#] Double Attack} Rb4 29. Nf2 Qd7 30. Rh1 Nb6 31. Rh4 Nbxd5 32. exd5 Nxd5 33. Qf3 Qe6 34. Be4 Nc7 (34... Ne7 $142 35. Ng4 f5 36. gxf6 Qxe4) 35. Rd1 Rd8 $2 {[#]} (35... Rb3) 36. hxg6 {White is clearly winning.} fxg6 37. Rdh1 Rd7 38. f5 Qe5 39. Nd3 Rb2+ 40. Kh3 Qd4 41. Nxb2 {Accuracy: White = 82%, Black = 38%.} 1-0

[Event "3rd Memorial Hulak 2018"]
[Site "Zagreb"]
[Date "2018.12.02"]
[Round "3.4"]
[White "Vujakovic, Branko"]
[Black "Palac, Mladen"]
[Result "1/2-1/2"]
[WhiteElo "2341"]
[BlackElo "2553"]
[Annotator "TA"]
[PlyCount "125"]
[EventDate "2018.11.26"]
[EventCountry "CRO"]
[SourceTitle "playchess.com"]
[Source "ChessBase"]
[SourceQuality "1"]

{[%evp 24,125,0,0,22,13,8,0,28,24,19,-7,0,-20,-27,-82,-82,-85,-78,-150,-55,-110,-110,-105,-106,-115,-108,-109,-104,-105,-113,127,-115,-119,-114,-106,-47,-47,-46,-46,-46,-53,-52,-52,-38,-50,-45,-111,-93,-103,-97,-84,-54,-55,-56,-54,-55,-46,0,-52,-56,-59,-49,-130,-14,-33,-30,-30,-30,-30,-30,-28,-8,-10,0,0,0,0,23,22,22,22,21,20,22,20,21,22,19,19,20,20,22,19,19,20,21,16,28,12,12,0,11,0]} 1. e4 c5 2. Nf3 d6 3. d4 cxd4 4. Nxd4 Nf6 5. Nc3 a6 6. Be2 e5 7. Nb3 Be7 8. O-O O-O 9. Be3 Be6 10. Qd3 Nbd7 11. Nd5 Bxd5 12. exd5 Ne8 {B92: Sicilian Najdorf: 6 Be2} (12... Rc8 13. c4 Ne8 14. f3 g6 15. Kh1 Ng7 16. Bg1 Bg5 17. Rad1 h5 18. Nd2 f5 19. b4 h4 20. c5 dxc5 21. d6 cxb4 {1-0 (45) Karjakin,S (2782)-Grischuk,A (2766) Paris 2018}) 13. Qd2 {LiveBook: 16 Games} g6 {[#]} 14. Bh6 $146 ({Predecessor:} 14. Na5 Qc8 15. b4 f5 16. f3 Bd8 17. Nb3 f4 18. Bf2 Bb6 19. c4 Bxf2+ 20. Rxf2 {1-0 (51) Oleksienko,M (2560)-Jakubowski,K (2471) Dresden 2007}) 14... Ng7 15. Na5 Qc7 16. c4 Rfe8 17. b4 Nf5 18. Bg4 Nxh6 19. Bxd7 (19. Qxh6 $11 {keeps the balance.} f5 20. Be2) 19... Qxd7 $17 20. Qxh6 Bd8 21. Nb3 (21. h3 $142) 21... Rc8 (21... Qg4 $1 $17 22. Na5 Bxa5 23. bxa5 Qxc4) 22. c5 (22. Rac1 $15) 22... dxc5 23. Nxc5 Qxd5 24. Rad1 Qc6 25. Rd3 b6 26. Rh3 {[#]} Bf6 $1 27. Qxh7+ Kf8 {[%cal Bg8f8,Bf8f7,Bf7g6][%mdl 32]} 28. Nb3 Bg7 29. Re3 f5 (29... Qd5 $17 30. Qh3 Red8) 30. h4 $15 Kf7 31. h5 Rh8 32. Qxg6+ $1 Qxg6 33. hxg6+ Kxg6 34. Rd1 Rhd8 35. Red3 (35. Rxd8 $15 Rxd8 36. Rg3+ Kf6 37. Rc3) 35... Rxd3 $17 36. Rxd3 {[%mdl 4096] Endgame KRB-KRN} Bf8 37. a3 e4 38. Rg3+ Kf6 39. Rg8 Kf7 40. Rg5 $1 Kf6 41. Rg8 Rd8 {Hoping for ...Rd1+.} 42. Kf1 Kf7 43. Rg3 {[#]} (43. Rg5 $15) 43... Rd1+ (43... Bg7 $1 $17 44. Ke1 Rc8) 44. Ke2 $15 Rb1 45. Nd4 $1 Rb2+ 46. Ke1 f4 47. Rc3 Rb1+ 48. Ke2 Rg1 49. Rc7+ Kf6 50. Rc8 Bd6 51. Re8 {Black must now prevent Re6+.} Be7 52. Nc6 Bd6 53. Rxe4 Rxg2 54. Nd4 {And now Re6+ would win.} Be5 55. Nf3 Bd6 56. Rc4 {aiming for Rc6.} a5 57. Rc6 Ke6 58. Rxb6 axb4 59. axb4 Kd5 60. Nd2 Rg1 61. Kd3 Rd1 62. Ke2 Ra1 63. Kd3 {Accuracy: White = 57%, Black = 60%.} 1/2-1/2

[Event "3rd Memorial Hulak 2018"]
[Site "Zagreb"]
[Date "2018.12.04"]
[Round "3.5"]
[White "Bratovic, Blaz"]
[Black "Cvitan, Ognjen"]
[Result "1/2-1/2"]
[WhiteElo "2307"]
[BlackElo "2503"]
[Annotator "TA"]
[PlyCount "38"]
[EventDate "2018.11.26"]
[EventCountry "CRO"]
[SourceTitle "playchess.com"]
[Source "ChessBase"]
[SourceQuality "1"]

{[%evp 23,24,27,18]} 1. e4 c5 2. Nf3 Nc6 3. d4 cxd4 4. Nxd4 g6 5. c4 Nf6 6. Nc3 d6 7. Be2 Nxd4 8. Qxd4 Bg7 9. Be3 O-O 10. Qd2 Be6 11. f3 Qa5 12. Nd5 {B36: Sicilian: Maroczy Bind: Gurgenidze System} (12. Rc1 Rfc8 13. b3 a6 14. Na4 Qxd2+ 15. Kxd2 Rc6 16. g4 Kf8 17. Nb6 Rb8 18. Nd5 Rcc8 19. Nf4 Bd7 20. g5 Ng8 21. Nd5 e6 {½-½ (65) Giri,A (2785)-Zvjaginsev,V (2661) Sochi 2017}) 12... Qxd2+ {LiveBook: 30 Games} {Predecessor:} 13. Kxd2 $146 Nxd5 14. cxd5 Bd7 15. Rac1 Rfc8 16. Rxc8+ Rxc8 17. Rc1 Rxc1 18. Kxc1 a6 19. Kc2 Kf8 {½-½ (31) Magalashvili,D (2508)-Flores,D (2621) Batumi 2018} 1/2-1/2

[Event "3rd Memorial Hulak 2018"]
[Site "Zagreb"]
[Date "2018.12.04"]
[Round "3.6"]
[White "Mrdja, Milan"]
[Black "Kotronias, Vasilios"]
[Result "0-1"]
[WhiteElo "2301"]
[BlackElo "2482"]
[Annotator "TA"]
[PlyCount "86"]
[EventDate "2018.11.26"]
[EventCountry "CRO"]
[SourceTitle "playchess.com"]
[Source "ChessBase"]
[SourceQuality "1"]

{[%evp 18,86,12,0,23,-3,2,-8,-9,-19,-2,0,0,-10,-10,-33,-37,-38,-15,-62,0,0,-3,0,30,37,38,29,64,73,65,75,103,99,108,50,32,29,33,20,19,8,20,0,0,-10,-10,-13,-10,-23,0,0,0,0,0,0,0,-8,-15,-31,-33,-41,-46,-34,-36,-164,-164,-175,-168,-244,-239]} 1. e4 d5 2. exd5 Qxd5 3. Nc3 Qa5 4. Nf3 Nf6 5. d4 Bf5 6. Ne5 c6 7. Bc4 e6 8. O-O Nbd7 9. Nxd7 Nxd7 10. Re1 {LiveBook: 4 Games. B01: Scandinavian Defence} O-O-O (10... Bb4 11. Bd2 O-O 12. a3 Bxc3 13. Bxc3 Qc7 14. Rc1 a5 15. Qf3 Nb6 16. Bb3 Qd8 17. a4 Qg5 18. Qg3 Qxg3 19. hxg3 {0-1 (55) Espinosa Flores,R (2412)-Kotronias,V (2587) Dresden 2008}) 11. Bb3 Nf6 12. Ne2 {The position is equal.} Bd6 13. c3 Qc7 $146 ({Predecessor:} 13... Bg6 14. Bf4 e5 15. dxe5 Bxe5 16. Qc1 Rhe8 17. Ng3 Qc7 18. Bxe5 Rxe5 19. Rxe5 Qxe5 20. Qe1 {½-½ (20) Belitz,M (2007)-Gohla,U (2118) DESC email 2002}) 14. Ng3 Bg6 15. Be3 h5 {[%cal Bh7h5,Bh5h4][%mdl 32]} 16. Bg5 h4 17. Nf1 Rh5 18. Be3 c5 (18... Bf5 $15) 19. Qe2 $11 Qc6 {...h3 is the strong threat.} 20. h3 Be4 21. f3 Bg6 22. Rad1 Rhh8 23. dxc5 Bxc5 24. Qf2 Bxe3 25. Nxe3 Bd3 26. Ng4 (26. Nd5 $16 Nxd5 27. Rxd3) 26... Nxg4 $14 27. fxg4 Qb6 28. Qxb6 axb6 29. Kf2 Kc7 30. Ke3 Bb5 31. Kf2 Rxd1 32. Rxd1 $11 {[%mdl 4096] Endgame KRB-KRB} g5 33. g3 hxg3+ 34. Kxg3 f5 35. Bxe6 f4+ 36. Kg2 Re8 37. Bd5 Re2+ {[%mdl 64] [#] Double Attack} 38. Kf3 Rh2 39. c4 Rxh3+ 40. Ke4 Bd7 41. Ke5 (41. Rg1 $15) 41... Bxg4 $19 {Black is clearly better.} 42. Rg1 {[#]} Rg3 $1 {[%cal Rg3g1]} 43. Rxg3 (43. Rf1 {keeps fighting.}) 43... fxg3 {Accuracy: White = 38%, Black = 60%.} 0-1

[Event "3rd Memorial Hulak 2018"]
[Site "Zagreb"]
[Date "2018.12.04"]
[Round "3.7"]
[White "Plenca, Jadranko"]
[Black "Muskardin, Mario"]
[Result "1-0"]
[WhiteElo "2475"]
[BlackElo "2280"]
[Annotator "TA"]
[PlyCount "39"]
[EventDate "2018.11.26"]
[EventCountry "CRO"]
[SourceTitle "playchess.com"]
[Source "ChessBase"]
[SourceQuality "1"]

{[%evp 22,39,22,18,16,9,110,121,146,148,361,366,369,359,364,330,306,213,927,928]} 1. e4 d6 2. Nc3 Nf6 3. d4 e5 4. Nf3 Nbd7 5. a4 Be7 6. Bc4 O-O 7. O-O c6 8. h3 a5 9. Ba2 {C41: Philidor Defence} exd4 10. Nxd4 Nc5 11. Qf3 Be6 12. Be3 {LiveBook: 3 Games} Bxa2 13. Rxa2 d5 $146 (13... g6 $11 {keeps the balance.}) ({Predecessor:} 13... g6 14. Rd1 Nfd7 15. Qg3 Bf6 16. Bh6 Re8 {½-½ (41) Felgaer,R (2575)-Kuipers,S (2390) Caleta 2015}) 14. exd5 $16 cxd5 15. Nf5 Na6 $2 {[#]} (15... Ne6 $16 {keeps fighting.}) 16. Bh6 $1 $18 {[%mdl 512]} Ne8 (16... gxh6 17. Qg3+) 17. Nxd5 Bg5 18. Bxg5 Qxg5 19. Rd1 Nec7 $2 {[#]} (19... Kh8 20. Nb6 Rd8) 20. h4 1-0

[Event "3rd Memorial Hulak 2018"]
[Site "Zagreb"]
[Date "2018.12.04"]
[Round "3.8"]
[White "Jurkovic, Ante"]
[Black "Livaic, Leon"]
[Result "0-1"]
[WhiteElo "2282"]
[BlackElo "2474"]
[Annotator "TA"]
[PlyCount "58"]
[EventDate "2018.11.26"]
[EventCountry "CRO"]
[SourceTitle "playchess.com"]
[Source "ChessBase"]
[SourceQuality "1"]

{[%evp 15,58,10,27,-4,0,0,0,0,0,-14,0,0,0,0,0,0,0,0,0,0,0,-3,0,-46,20,16,19,-170,-159,-279,-255,-276,-249,-231,-274,-424,-415,-426,-426,-414,-387,-432,-420,-612,-612]} 1. e4 c5 2. Nf3 d6 3. d4 cxd4 4. Nxd4 Nf6 5. Nc3 a6 6. Be2 e5 7. Nf3 Qc7 8. Bg5 {B92: Sicilian Najdorf: 6 Be2} Nbd7 {LiveBook: 12 Games} 9. Nd2 (9. a4 h6 10. Be3 b6 11. Nd2 Bb7 12. O-O Rc8 13. Bd3 Be7 14. Qe2 Ra8 15. Bc4 O-O {1-0 (46) Anand,V (2794)-Esserman,M (2453) Douglas 2017}) 9... h6 $146 ({Predecessor:} 9... b5 10. a4 b4 11. Na2 d5 12. exd5 Nxd5 13. Rc1 h6 14. c4 Ne7 15. Be3 Nf5 {1-0 (34) Van der Wiel,J (2500)-Olafsson,H (2515) Reykjavik 1985}) 10. Bxf6 {The position is equal.} Nxf6 11. Nc4 Be6 12. Nd5 Nxd5 13. exd5 Bd7 14. a4 Be7 15. a5 O-O 16. Nb6 Rae8 17. O-O e4 18. b4 e3 19. f4 Bh4 (19... Bf5 $15) 20. g3 $11 Bf6 21. Ra3 $2 (21. Nxd7 $11 Qxd7 22. Rb1) 21... Bh3 $19 22. Rf3 (22. c3 $17) 22... Bc3 23. Rb3 {[#]} Re4 $1 24. Qd3 Rxb4 25. Rxe3 (25. Rxb4 $142 Bxb4 26. Nc4) 25... Rxb3 26. cxb3 Bxa5 27. Nc4 {Black should prevent g4.} Bb4 28. Bf1 b5 29. Nd2 (29. Nb2 $142 Qc1 30. Nd1) 29... Qc1 {Accuracy: White = 49%, Black = 79%.} 0-1